Alianza por el cambio: hacia el desarrollo sostenible en El Salvador (II)

Salvato in:
Dettagli Bibliografici
Natura: testo
Soggetti:
Tags: Aggiungi Tag
Nessun Tag, puoi essere il primo ad aggiungerne!!

MARC

LEADER 00000 a a2200000 04500
001 6866
003
040
245 |a Alianza por el cambio:   |b hacia el desarrollo sostenible en El Salvador (II)  
650 |a DESARROLLO SOSTENIBLE  
650 |a GASTOS FISCALES  
650 |a ECONOMIA  
650 |a POLITICA  
650 |a EL SALVADOR  
773 |g volumen 28, número 1258; páginas 12-16  
999 |c 37879  |d 37879